000 00519nmm a2200169Ia 4500
008 251105s9999||||xx |||||||||||||||||und||
041 _aspa
100 _aTurguénev, Iván
245 0 _aDiario de un hombre superfluo
264 _a[Madrid, España] :
_bNordica Libros,
_c[Fecha de publicación no identificada]
300 _a0 páginas
490 _aOtras Latitudes
700 _aTurguénev, Iván
700 1 _a Sánchez-Nieves, Marta
856 _uhttps://public.digitaliapublishing.com/a/161773
942 _cCF
999 _c72105
_d72105